| 000 | 00665nam a2200181Ia 4500 | ||
|---|---|---|---|
| 008 | 190719s9999||||xx |||||||||||||| ||und|| | ||
| 020 |
_a1870077792 _c£ 35.00 |
||
| 040 | _aIMU Kochi | ||
| 082 | 0 | 4 |
_a623.888 _bR8124 |
| 110 |
_aGreat Britain. _bRoyal Navy |
||
| 245 | 4 |
_aThe Naval Handbook for Survivors : 25-man inflatable liferaft (BR-1329) / _cRoyal Navy, Government of Great Britain |
|
| 250 | _a3rd ed. | ||
| 260 |
_aLondon : _bThe Nautical Institute , _c2007 |
||
| 300 |
_avi, various paginations _b : ill. _c; 21 cm. |
||
| 500 | _aPreviously published under the title: Handbook for survivors - BR 1329. | ||
| 650 |
_aShips _xSafety measures |
||
| 942 |
_2ddc _cBK |
||
| 999 |
_c20 _d20 |
||